000 00755nam a2200229Ia 4500
005 20250108125141.0
008 008 250107s9999 xx 000 0 pun d
020 _a978-81-951659-5-7
037 _aTB
040 _aCRL
_bpun
_cCRL
041 _apun
_2pun
084 _aX.2'C R3
084 _qCRL
100 _aਕੋਮਲ, ਅਮਰ, ਲੇਖਕ
245 0 _a ਪਿਆਰ ਦੇ ਅੱਥਰੂ
_cਕੋਮਲ, ਅਮਰ, ਲੇਖਕ
260 _aਪਟਿਆਲਾ, ਭਾਰਤ
_bਸੰਗਮ ਪਬਲੀਕੇਸ਼ਨ
_c3470
300 _a135ਪ੍ਰ0
365 _aINR
_b2500
650 _aਪੰਜਾਬੀ ਸਾਹਿਤਪੰਜਾਬੀ ਕਾਵਿ
_9730479
942 _cTB
_hX.2'C R3
999 _c1235858
_d1235858